000 00430nam a2200169Ia 4500
003 GCL
008 140319s9999 xx 000 0 eng d
040 _aGCL /
_cGCL
082 0 4 _a155.4
_bC M
100 1 _aCHAND, TARA
245 1 0 _aMODERN CHILD PSYCHOLOGY /
_cCHAND, TARA
260 _a[S.N] :
_bANIMAL PUBLICATIONS ،
_c1993
300 _a327 P
650 0 4 _aCHILD PSYCHOLOGY
650 0 4 _aGROWTH OF CHILD
942 _2ddc
_cBK
999 _c23797
_d23797